Sedimentary environments and facies /

Bibliographic Details
Other Authors: Reading, H. G.
Format: Book
Language:English
Published: Oxford ; Boston : Blackwell Scientific, 1986.
Edition:2nd ed.
Subjects:

MARC

Tag First Indicator Second Indicator Subfields
LEADER 00000cam a2200000 a 4500
001 in00000428821
005 20151012061412.0
008 860425s1986 enka b 00100 eng d
015 |a GB87-4436 
020 |a 0632015721(cased) 
020 |a 9780632015726 (cased) 
020 |a 0632012234 (pbk.) 
020 |a 9780632012237 (pbk) 
035 |a (OCoLC)13492668 
035 |9 ABV5385AM 
040 |a TXF  |c TXF  |d TXA  |d UtOrBLW 
049 |a TXAM  |c [A09729797] 
090 |a QE471  |b .S378 1986 
245 0 0 |a Sedimentary environments and facies /  |c edited by H.G. Reading. 
250 |a 2nd ed. 
264 1 |a Oxford ;  |a Boston :  |b Blackwell Scientific,  |c 1986. 
300 |a xi, 615 pages :  |b illustrations, maps ;  |c 24 cm. 
336 |a text  |b txt  |2 rdacontent 
337 |a unmediated  |b n  |2 rdamedia 
338 |a volume  |b nc  |2 rdacarrier 
500 |a Previous edition: 1978. 
500 |a Includes index. 
504 |a Bibliography: pages 525-591. 
650 0 |a Sedimentation and deposition. 
650 0 |a Sedimentary rocks. 
650 0 |a Facies (Geology) 
700 1 |a Reading, H. G. 
999 |a MARS 
999 f f |s e022567c-5c91-3ce2-9c57-5fcbb1404f93  |i 74e03d5e-275c-30b1-bbdf-746028f605d9  |t 0 
952 f f |p normal  |a Texas A&M University  |b College Station  |c Sterling C. Evans Library  |d Evans: Library Stacks  |t 0  |e QE471 .S378 1986  |h Library of Congress classification  |i unmediated -- volume  |m A14809729797 
952 f f |p normal  |a Texas A&M University  |b College Station  |c Sterling C. Evans Library  |d Evans: Library Stacks  |t 0  |e QE471 .S378 1986  |h Library of Congress classification  |i unmediated -- volume  |m A14828313571 
998 f f |a QE471 .S378 1986  |t 0  |l Evans: Library Stacks 
998 f f |a QE471 .S378 1986  |t 0  |l Evans: Library Stacks